000 00529ntaaa2200205 4500
003 01
005 20251027202907.0
008 0714s1973 ag 01
040 _aAR-BaBN
_bspa
_cAR-BaBN
_eaacr
_dRIC
082 _a922.8000 D48
100 _aDeter, Arthur
_929382
245 _aForty years in the land of tomorrow
250 _a1 ed.
260 _aNashville :
_bBroadman Press,
_cc1946
300 _a207 p
500 _aMissionary to Brasil, 1901-1940
650 _amisiones-Brasil
650 _aBrasil-misiones
942 _cBK
999 _c24223
_d24223